TH-SOF-1771-Capacity Enhancement in 5G Downlink through Non-orthogonal Spreading and Scrambling based Multiple Access (SSMA) (Record no. 579006)
[ view plain ]
| 000 -LEADER | |
|---|---|
| fixed length control field | 00420nam a22001217a 4500 |
| 082 ## - DEWEY DECIMAL CLASSIFICATION NUMBER | |
| Classification number | 200 THE |
| 100 ## - MAIN ENTRY--PERSONAL NAME | |
| Personal name | Tabinda Ashraf |
| 9 (RLIN) | 73176 |
| 245 ## - TITLE STATEMENT | |
| Title | TH-SOF-1771-Capacity Enhancement in 5G Downlink through Non-orthogonal Spreading and Scrambling based Multiple Access (SSMA) |
| 260 ## - PUBLICATION, DISTRIBUTION, ETC. | |
| Place of publication, distribution, etc. | ISLAMABAD |
| Name of publisher, distributor, etc. | NUST COLLEGE OF EME |
| Date of publication, distribution, etc. | 2020 |
| 650 ## - SUBJECT ADDED ENTRY--TOPICAL TERM | |
| Topical term or geographic name entry element | MS-ELECT-18 |
| 9 (RLIN) | 73177 |
| 700 ## - ADDED ENTRY--PERSONAL NAME | |
| Personal name | Supervisor Dr. Muhammad Zeeshan |
| 942 ## - ADDED ENTRY ELEMENTS (KOHA) | |
| Koha item type | Computer Files |
| Source of classification or shelving scheme | |
| Withdrawn status | Lost status | Source of classification or shelving scheme | Damaged status | Not for loan | Permanent Location | Current Location | Shelving location | Date acquired | Full call number | Barcode | Date last seen | Price effective from | Koha item type |
|---|---|---|---|---|---|---|---|---|---|---|---|---|---|
| College of Electrical & Mechanical Engineering (CEME) | College of Electrical & Mechanical Engineering (CEME) | General Stacks | 03/10/2021 | 200 THE | TH-SOF-1771 | 06/28/2021 | 06/28/2021 | Computer Files |
